[Event "London league"]
[Site "?"]
[Date "1972.10.17"]
[Round "?"]
[White "Stebbings, A."]
[Black "Pascoe, J."]
[Result "1-0"]
[WhiteElo "2136"]
[BlackElo "2160"]
[PlyCount "65"]
[EventDate "1972.??.??"]

1. e4 e6 2. d4 d5 3. Nc3 Nf6 4. Bg5 Bb4 5. e5 h6 6. Bd2 Bxc3 7. bxc3 Ne4 8. Qg4
g6 9. Bc1 c5 10. Bd3 cxd4 11. Bxe4 dxe4 12. Qxe4 dxc3 13. Nf3 Qd5 14. Qf4 g5
15. Qf6 Qe4+ 16. Kf1 Rg8 17. Ba3 Nc6 18. Rd1 Bd7 19. Rxd7 Kxd7 20. Qxf7+ Ne7
21. Qxe7+ Kc8 22. Qxe6+ Kc7 23. Bd6+ Kb6 24. Bf8+ Ka5 25. Qxg8 Qxc2 26. Qd5+
Ka6 27. Qc4+ b5 28. Qc6+ Ka5 29. Ne1 Qxa2 30. Qxa8 Qc4+ 31. Kg1 Qd4 32. g3 b4
33. Nc2 1-0

[Event "County match"]
[Site "?"]
[Date "1972.10.21"]
[Round "?"]
[White "Stebbings, A."]
[Black "Packham, D."]
[Result "1-0"]
[WhiteElo "2136"]
[BlackElo "1992"]
[PlyCount "49"]
[EventDate "1972.??.??"]

1. e4 Nf6 2. e5 Nd5 3. d4 d6 4. Nf3 g6 5. Bc4 Nb6 6. Bb3 Bg7 7. Ng5 d5 8. f4 h6
9. Nf3 a5 10. a4 Be6 11. O-O O-O 12. c3 Na6 13. Bc2 Bf5 14. Bxf5 gxf5 15. Nh4
e6 16. Qh5 Qe8 17. g4 fxg4 18. f5 f6 19. Qxg4 h5 20. Qg3 Kh7 21. Ng6 Rg8 22.
Qh4 Bh6 23. Qxh5 Rxg6+ 24. fxg6+ Qxg6+ 25. Qxg6+ 1-0

[Event "Tournament: Southampton Open"]
[Site "?"]
[Date "1972.10.27"]
[Round "?"]
[White "Read, D."]
[Black "Stebbings, A."]
[Result "1/2-1/2"]
[WhiteElo "1744"]
[BlackElo "2136"]
[PlyCount "33"]
[EventDate "1972.??.??"]

1. e4 c5 2. Nf3 e6 3. d4 cxd4 4. Nxd4 a6 5. c4 Nf6 6. Nc3 Bb4 7. Bd3 Nc6 8. Nb3
d5 9. exd5 exd5 10. O-O Be6 11. cxd5 Nxd5 12. Nxd5 Qxd5 13. Be3 O-O 14. Be2 Qf5
15. Rc1 Rfd8 16. Qc2 Qxc2 17. Rxc2 1/2-1/2

[Event "Tournament: Southampton Open"]
[Site "?"]
[Date "1972.10.28"]
[Round "?"]
[White "Stebbings, A."]
[Black "Caldwell, S."]
[Result "1/2-1/2"]
[WhiteElo "2136"]
[BlackElo "1776"]
[PlyCount "62"]
[EventDate "1972.??.??"]

1. e4 c5 2. Nf3 d6 3. d4 cxd4 4. Nxd4 Nf6 5. Nc3 a6 6. Be3 b5 7. f3 e6 8. Qd2
Bd7 9. O-O-O Qc7 10. g4 h6 11. h4 Nc6 12. Kb1 Rc8 13. Nxc6 Bxc6 14. Rh2 Nd7 15.
a3 Ne5 16. Qg2 Be7 17. f4 Nc4 18. Bxc4 bxc4 19. f5 Bf6 20. Bd4 Qe7 21. Qd2 Rd8
22. Rg1 e5 23. Be3 Qb7 24. Nd5 Rb8 25. c3 Bxd5 26. exd5 Be7 27. g5 h5 28. Rhg2
Bd8 29. Rd1 Bb6 30. Qf2 Bxe3 31. Qxe3 Qb3 1/2-1/2

[Event "Tournament: Southampton Open"]
[Site "?"]
[Date "1972.10.28"]
[Round "?"]
[White "Lee, P."]
[Black "Stebbings, A."]
[Result "1-0"]
[WhiteElo "1800"]
[BlackElo "2136"]
[PlyCount "95"]
[EventDate "1972.??.??"]

1. d4 Nf6 2. c4 g6 3. Nc3 d5 4. cxd5 Nxd5 5. e4 Nxc3 6. bxc3 Bg7 7. Bc4 c5 8.
Ne2 Nc6 9. Be3 O-O 10. O-O Qc7 11. Rc1 Rd8 12. h3 b6 13. Qe1 e6 14. f4 Na5 15.
Bd3 f5 16. e5 c4 17. Bc2 Nc6 18. Bf2 Bf8 19. Bh4 Be7 20. Qg3 Bxh4 21. Qxh4 Ne7
22. Kh2 Nd5 23. Rf3 Bb7 24. g4 Nb4 25. Rg3 Nxc2 26. Rxc2 Qc6 27. Rc1 Qe4 28.
Re1 Rd7 29. Qf6 Bd5 30. Qh4 Qc2 31. gxf5 exf5 32. Re3 Re8 33. Rg1 Qxa2 34. Qf6
Rg7 35. Qd6 Be4 36. d5 Qd2 37. Rxe4 fxe4 38. Rg2 b5 39. e6 Qe3 40. Qe5 Qc5 41.
f5 Rge7 42. Nd4 Rd8 43. Nc6 Ree8 44. Nxd8 Rxd8 45. e7 Re8 46. Qe6+ Kh8 47. f6
Qc7+ 48. d6 1-0

[Event "Tournament: Southampton Open"]
[Site "?"]
[Date "1972.10.28"]
[Round "?"]
[White "Stebbings, A."]
[Black "Craggs, S."]
[Result "1-0"]
[WhiteElo "2136"]
[BlackElo "1672"]
[PlyCount "39"]
[EventDate "1972.??.??"]

1. e4 e5 2. Nf3 Nc6 3. d4 exd4 4. c3 Nf6 5. e5 Nd5 6. Bc4 Nb6 7. Bb3 d6 8. exd6
Qxd6 9. cxd4 Bg4 10. Bxf7+ Kd7 11. O-O Rd8 12. d5 Ke7 13. Bg5+ Kxf7 14. Bxd8
Nxd8 15. Ng5+ Kg8 16. Qxg4 Nxd5 17. Rd1 Qc6 18. Nc3 Nxc3 19. Rxd8 Qf6 20. Qc4+
1-0

[Event "Tournament: Southampton Open"]
[Site "?"]
[Date "1972.10.29"]
[Round "?"]
[White "Stebbings, A."]
[Black "Peacock, B."]
[Result "1-0"]
[WhiteElo "2136"]
[BlackElo "2024"]
[PlyCount "51"]
[EventDate "1972.??.??"]

1. e4 d5 2. exd5 Nf6 3. c4 c6 4. d4 cxd5 5. Nc3 e6 6. Nf3 a6 7. cxd5 Nxd5 8.
Bd3 Nd7 9. O-O Nb4 10. Bb1 Be7 11. a3 Nc6 12. d5 exd5 13. Nxd5 O-O 14. Qd3 f5
15. Ba2 Kh8 16. Nxe7 Qxe7 17. Re1 Qf6 18. Bg5 Qg6 19. Rad1 Nf6 20. Qd6 Nd7 21.
Bf4 Rf6 22. Qc7 Nf8 23. Ne5 Nxe5 24. Bxe5 Rc6 25. Qd8 Bd7 26. Qxa8 1-0

[Event "London league"]
[Site "?"]
[Date "1972.11.01"]
[Round "?"]
[White "Stebbings, A."]
[Black "Israel, H."]
[Result "1/2-1/2"]
[WhiteElo "2136"]
[BlackElo "2152"]
[PlyCount "49"]
[EventDate "1972.??.??"]

1. e4 g6 2. d4 Bg7 3. Bc4 d6 4. f4 c5 5. dxc5 Qa5+ 6. c3 Qxc5 7. Qe2 Nf6 8. Be3
Qc7 9. Nd2 a6 10. a4 b6 11. Ngf3 Nbd7 12. h3 Bb7 13. O-O O-O 14. e5 dxe5 15.
fxe5 Nh5 16. Qf2 Nxe5 17. Nxe5 Bxe5 18. Bxb6 Qc6 19. Be3 Rad8 20. Bxf7+ Kg7 21.
Bd4 Bxd4 22. cxd4 Nf4 23. d5 Nxd5 24. Bxd5 Qxd5 25. Nf3 1/2-1/2

[Event "National Club ch."]
[Site "?"]
[Date "1972.11.02"]
[Round "?"]
[White "Harradence, J."]
[Black "Stebbings, A."]
[Result "0-1"]
[WhiteElo "2040"]
[BlackElo "2136"]
[PlyCount "65"]
[EventDate "1972.??.??"]

1. e4 c5 2. Nc3 Nc6 3. g3 g6 4. Bg2 Bg7 5. f4 d6 6. d3 e6 7. Nf3 Nge7 8. O-O
O-O 9. Bd2 Rb8 10. Rb1 b5 11. a3 Nd4 12. Ne2 Nec6 13. Nexd4 cxd4 14. c3 Qb6 15.
Kh1 Bd7 16. cxd4 Nxd4 17. Nxd4 Bxd4 18. Bc3 a5 19. Bxd4 Qxd4 20. b4 Rfc8 21.
bxa5 Ra8 22. Qd2 Rc3 23. Rb4 Qxd3 24. Qxd3 Rxd3 25. Rfb1 Rxa5 26. Bf1 Rdxa3 27.
Bxb5 Bxb5 28. Rxb5 R5a4 29. R5b4 Rxb4 30. Rxb4 e5 31. Kg2 Ra2+ 32. Kh3 Rd2 33.
Rb1 0-1

[Event "London league"]
[Site "?"]
[Date "1972.11.17"]
[Round "?"]
[White "MacDonaldRoss, S."]
[Black "Stebbings, A."]
[Result "0-1"]
[WhiteElo "2048"]
[BlackElo "2136"]
[PlyCount "120"]
[EventDate "1972.??.??"]

1. d4 Nf6 2. c4 g6 3. Nc3 d5 4. Nf3 Bg7 5. e3 O-O 6. Qb3 e6 7. Be2 b6 8. a4 a5
9. Ne5 Bb7 10. c5 Nfd7 11. Nd3 Ba6 12. cxb6 Nxb6 13. O-O N8d7 14. Qc2 Rc8 15.
b4 axb4 16. Nxb4 Bxe2 17. Nc6 Qe8 18. Nxe2 Nc4 19. a5 Nb8 20. Na7 Rd8 21. Ba3
c6 22. a6 Qd7 23. Bc5 Rfe8 24. Rfb1 e5 25. Rb7 Qe6 26. h3 Nd7 27. Bb4 Ra8 28.
Rc7 Nb8 29. Bc5 Bf8 30. Qa4 Bxc5 31. dxc5 Re7 32. Rb7 Kg7 33. Rab1 Rxa7 34.
Rxb8 Rec7 35. R1b6 Qd7 36. Qb4 Qe7 37. Qb1 Qxc5 38. R6b7 Nd6 39. Rxc7 Rxc7 40.
Rb7 Qa5 41. Rxc7 Qxc7 42. Qa1 Nb5 43. f4 f6 44. fxe5 fxe5 45. Nf4 Kf6 46. Nd3
d4 47. exd4 exd4 48. Qf1+ Ke7 49. Qe2+ Kd8 50. Nc5 Qe7 51. Nb7+ Kd7 52. Qa2 Kc8
53. Qa5 d3 54. Qd2 Qd7 55. Kh2 Kb8 56. g3 Qd4 57. Na5 Kc7 58. Qc1 Qf2+ 59. Kh1
Qf3+ 60. Kh2 Qf2+ 0-1

[Event "Eastman cup"]
[Site "London"]
[Date "1972.11.22"]
[Round "?"]
[White "Stebbings, A."]
[Black "Hawley, M."]
[Result "0-1"]
[WhiteElo "2136"]
[BlackElo "2120"]
[PlyCount "60"]
[EventDate "1972.??.??"]

1. e4 c5 2. Nf3 d6 3. d4 cxd4 4. Nxd4 Nf6 5. Nc3 a6 6. Be3 e5 7. Nb3 Be6 8. Qd2
Be7 9. f3 Nc6 10. O-O-O Rc8 11. g4 O-O 12. g5 Nd7 13. h4 Nc5 14. h5 Nxb3+ 15.
cxb3 Nd4 16. Qg2 Qa5 17. Kb1 Rxc3 18. bxc3 Qxc3 19. Bxd4 exd4 20. Bd3 a5 21. f4
a4 22. f5 axb3 23. fxe6 Ra8 24. exf7+ Kf8 25. Qb2 Rxa2 26. Qxc3 dxc3 27. Rdg1
d5 28. g6 Bf6 29. gxh7 Ra1+ 30. Kxa1 c2+ 0-1

[Event "National Club ch."]
[Site "?"]
[Date "1972.11.25"]
[Round "?"]
[White "Galloway, J."]
[Black "Stebbings, A."]
[Result "0-1"]
[WhiteElo "1952"]
[BlackElo "2136"]
[PlyCount "50"]
[EventDate "1972.??.??"]

1. e4 c5 2. Nf3 e6 3. d4 cxd4 4. Nxd4 a6 5. Nc3 Qc7 6. Bd3 Nc6 7. Be3 Nf6 8.
Nb3 d6 9. O-O Be7 10. f4 b5 11. a3 Bb7 12. Qf3 O-O 13. Rae1 b4 14. axb4 Nxb4
15. g4 d5 16. Nd4 dxe4 17. Nxe4 Nxd3 18. cxd3 Rac8 19. g5 Nd5 20. Bd2 Qb6 21.
Qf2 Nb4 22. Qe3 Bxe4 23. dxe4 Bc5 24. Bc3 Rfd8 25. Rd1 Nc2 0-1

[Event "County match"]
[Site "?"]
[Date "1972.12.02"]
[Round "?"]
[White "Reddie, M."]
[Black "Stebbings, A."]
[Result "1-0"]
[WhiteElo "1952"]
[BlackElo "2136"]
[PlyCount "70"]
[EventDate "1972.??.??"]

1. d4 Nf6 2. c4 g6 3. Nc3 d5 4. cxd5 Nxd5 5. g3 Bg7 6. Bg2 Nb6 7. e3 O-O 8.
Nge2 e5 9. O-O Nc6 10. d5 Ne7 11. e4 Qd6 12. a4 Bd7 13. b3 f5 14. Ba3 Qf6 15.
Rc1 Rfd8 16. f3 Bh6 17. Rc2 c6 18. d6 Be8 19. Qb1 Nec8 20. a5 Nd7 21. Rd1 Nf8
22. f4 Nxd6 23. Rcd2 Nxe4 24. Nxe4 fxe4 25. Rd6 Rxd6 26. Rxd6 Qf7 27. fxe5 e3
28. Rf6 Qc7 29. Bd6 Qxa5 30. b4 Qa4 31. Nc3 Qa3 32. Nd5 Nd7 33. b5 Qa4 34. Ne7+
Kg7 35. bxc6 Nxf6 1-0

[Event "London league"]
[Site "?"]
[Date "1972.12.05"]
[Round "?"]
[White "Stebbings, A."]
[Black "Norman, K."]
[Result "1/2-1/2"]
[WhiteElo "2136"]
[BlackElo "2040"]
[PlyCount "118"]
[EventDate "1972.??.??"]

1. e4 c5 2. Nf3 d6 3. d4 cxd4 4. Nxd4 Nf6 5. Nc3 a6 6. Be3 e5 7. Nb3 Be7 8. f3
Be6 9. Qd2 Nbd7 10. O-O-O b5 11. g4 Nb6 12. g5 Nfd7 13. Kb1 b4 14. Nd5 Bxd5 15.
exd5 a5 16. h4 Qc7 17. h5 Na4 18. Bb5 Nc3+ 19. bxc3 bxc3 20. Qd3 a4 21. Bc6
axb3 22. Bxa8 bxa2+ 23. Ka1 Qb8 24. Qxc3 Qxa8 25. f4 O-O 26. f5 Rc8 27. Qd2 Nc5
28. Rh4 Qa6 29. Rg4 Bd8 30. Qc1 Ba5 31. Qa3 Nb3+ 32. Kb2 a1=Q+ 33. Rxa1 Nxa1
34. Kxa1 Rxc2 35. Kb1 Rc3 36. Qa4 Kf8 37. Rb4 Qd3+ 38. Kb2 Rc2+ 39. Qxc2 Qxc2+
40. Kxc2 Bxb4 41. Kd3 Ke7 42. Ke4 g6 43. hxg6 hxg6 44. fxg6 fxg6 45. Kd3 Bc5
46. Bd2 Kd7 47. Ke4 Kc7 48. Kd3 Kb6 49. Ke4 Kb5 50. Kd3 Bd4 51. Be1 Kc5 52. Ke4
Bb2 53. Bd2 Kc4 54. Be3 Bc3 55. Bc1 Bb4 56. Bb2 Bd2 57. Ba3 Bb4 58. Bb2 Bd2 59.
Ba3 Bb4 1/2-1/2

[Event "Tournament: Islington Open"]
[Site "?"]
[Date "1972.12.15"]
[Round "?"]
[White "Stebbings, A."]
[Black "Mahdavi, M."]
[Result "1-0"]
[WhiteElo "2136"]
[BlackElo "2056"]
[PlyCount "33"]
[EventDate "1972.??.??"]

1. e4 c5 2. Nf3 Nc6 3. d4 cxd4 4. Nxd4 Nf6 5. Nc3 d6 6. Be3 a6 7. Qd2 Bd7 8.
O-O-O Rc8 9. f3 Qa5 10. Nb3 Qc7 11. g4 h6 12. Kb1 e6 13. h4 Ne5 14. Qf2 Nc4 15.
Bxc4 Qxc4 16. Bb6 Bb5 17. Na5 1-0

[Event "Tournament: Islington Open"]
[Site "?"]
[Date "1972.12.16"]
[Round "?"]
[White "Nunn, J."]
[Black "Stebbings, A."]
[Result "1/2-1/2"]
[WhiteElo "2320"]
[BlackElo "2136"]
[PlyCount "64"]
[EventDate "1972.??.??"]

1. e4 c5 2. Nf3 e6 3. d4 cxd4 4. Nxd4 a6 5. Nc3 Qc7 6. g3 Nc6 7. Bg2 d6 8. O-O
Nxd4 9. Qxd4 Ne7 10. Be3 b5 11. e5 Nf5 12. exd6 Bxd6 13. Qg4 Bb7 14. Ne4 O-O
15. Bg5 Be5 16. c3 h6 17. Bd2 Rfd8 18. Rad1 Qb6 19. Kh1 Rac8 20. Qe2 a5 21. f4
Bb8 22. Qf2 Qxf2 23. Nxf2 Bxg2+ 24. Kxg2 Rxd2 25. Rxd2 Ne3+ 26. Kg1 Nxf1 27.
Kxf1 Bc7 28. Ke2 Kf8 29. Ne4 Ke7 30. b4 Rd8 31. Rc2 Bb6 32. Nd2 Rc8 1/2-1/2

[Event "Tournament: Islington Open"]
[Site "?"]
[Date "1972.12.16"]
[Round "?"]
[White "Stebbings, A."]
[Black "Burnett, J."]
[Result "1/2-1/2"]
[WhiteElo "2136"]
[BlackElo "2016"]
[PlyCount "69"]
[EventDate "1972.??.??"]

1. e4 e6 2. d4 d5 3. Nc3 Bb4 4. e5 c5 5. Qg4 Ne7 6. dxc5 Bxc3+ 7. bxc3 Kf8 8.
Nf3 Qa5 9. Qb4 Qc7 10. Bd3 Nd7 11. Qf4 Nxc5 12. Bd2 b6 13. O-O Nxd3 14. cxd3 h5
15. Rfe1 Ba6 16. Re3 Nf5 17. Ng5 Re8 18. Rf3 Bb7 19. Rh3 Ke7 20. f3 Kd8 21. g4
hxg4 22. Rxh8 Rxh8 23. fxg4 Nh6 24. Rf1 Ke8 25. Nf3 Bc8 26. Nd4 f6 27. Re1 fxe5
28. Rxe5 Qf7 29. Nf5 Nxf5 30. gxf5 Rh5 31. fxe6 Qxf4 32. Bxf4 Rxe5 33. Bxe5 g6
34. Bb8 a6 35. a4 1/2-1/2

[Event "Tournament: Islington Open"]
[Site "?"]
[Date "1972.12.16"]
[Round "?"]
[White "Sosonko, G."]
[Black "Stebbings, A."]
[Result "1-0"]
[WhiteElo "2400"]
[BlackElo "2136"]
[PlyCount "47"]
[EventDate "1972.??.??"]

1. Nf3 d5 2. d4 Nf6 3. c4 c6 4. Qb3 g6 5. cxd5 cxd5 6. Nc3 Bg7 7. Bg5 e6 8. e3
O-O 9. Be2 Nc6 10. O-O h6 11. Bh4 Ne7 12. Bg3 Nf5 13. Be5 Nd7 14. Bxg7 Kxg7 15.
Rac1 Nb6 16. Ne5 f6 17. Nd3 Nc4 18. Rfd1 b6 19. Nf4 Ncd6 20. Qa3 Qd7 21. Qb4
Bb7 22. Nb5 Nxb5 23. Bxb5 Qf7 24. Rc7 1-0

[Event "Tournament: Islington Open"]
[Site "?"]
[Date "1972.12.17"]
[Round "?"]
[White "Stebbings, A."]
[Black "Scott, D."]
[Result "0-1"]
[WhiteElo "2136"]
[BlackElo "1928"]
[PlyCount "62"]
[EventDate "1972.??.??"]

1. e4 c5 2. Nf3 e6 3. d4 cxd4 4. Nxd4 Nc6 5. Nb5 d6 6. c4 a6 7. N5c3 Be7 8. Be3
Nf6 9. Be2 O-O 10. O-O b6 11. f4 Bb7 12. Na3 Rc8 13. Qe1 Nd7 14. Rd1 Qc7 15. g4
g6 16. f5 Rfe8 17. Bh6 Nce5 18. Qg3 Nf6 19. Qf4 Qc5+ 20. Rf2 Qc6 21. Nc2 Nxe4
22. Nd4 Nxf2 23. Kxf2 Qg2+ 24. Ke3 exf5 25. Nxf5 Nxc4+ 26. Kd3 Bf6 27. Nd4 Be5
28. Qc1 Bh8 29. Rg1 Be4+ 30. Nxe4 Qxe4+ 31. Kc3 Qxd4+ 0-1

[Event "Tournament: Islington Open"]
[Site "?"]
[Date "1972.12.17"]
[Round "?"]
[White "LeFevre, A."]
[Black "Stebbings, A."]
[Result "0-1"]
[WhiteElo "1920"]
[BlackElo "2136"]
[PlyCount "80"]
[EventDate "1972.??.??"]

1. e4 c5 2. Nf3 e6 3. Nc3 Nc6 4. g3 g6 5. Bg2 Bg7 6. O-O Nge7 7. d3 d6 8. Be3
O-O 9. Qd2 Nd4 10. Bh6 Nec6 11. Bxg7 Kxg7 12. Ne2 b5 13. c3 Nxe2+ 14. Qxe2 Qb6
15. Rfd1 b4 16. d4 cxd4 17. Nxd4 Nxd4 18. Rxd4 bxc3 19. bxc3 Bb7 20. Rb4 Qc6
21. Qb2 Ba6 22. c4+ e5 23. Qa3 Rfc8 24. Ra4 Bxc4 25. Rc1 Qb5 26. Rxa7 Rxa7 27.
Qxa7 Qb2 28. Qe3 Qxa2 29. h4 Be6 30. Rxc8 Bxc8 31. Qd3 Qa1+ 32. Kh2 Qd4 33. Qc2
Be6 34. Qc1 Qxf2 35. h5 Qc5 36. h6+ Kf6 37. Qf1+ Kg5 38. Bh3 Qc2+ 39. Kg1 Bxh3
40. Qxh3 Qxe4 0-1

[Event "London league"]
[Site "?"]
[Date "1972.12.19"]
[Round "?"]
[White "Stebbings, A."]
[Black "Marks, L."]
[Result "1-0"]
[WhiteElo "2136"]
[BlackElo "2088"]
[PlyCount "64"]
[EventDate "1972.??.??"]

1. e4 c5 2. Nf3 Nc6 3. d4 cxd4 4. Nxd4 g6 5. Be3 Nf6 6. Nc3 Bg7 7. Be2 O-O 8.
Nb3 a5 9. a4 d6 10. O-O Be6 11. f4 Qc8 12. h3 Nb4 13. Bf3 Rd8 14. Rf2 d5 15. e5
Ne4 16. Bxe4 dxe4 17. Rd2 Bxb3 18. Rxd8+ Qxd8 19. cxb3 Qd3 20. Qxd3 exd3 21.
Bc5 f6 22. exf6 Bxf6 23. Rd1 Rd8 24. Kf2 Kf7 25. Rd2 g5 26. Kf3 gxf4 27. Kxf4
h6 28. Ne4 Nd5+ 29. Kf3 Nb4 30. Nxf6 Kxf6 31. Bxb4 axb4 32. Ke4 e5 1-0

[Event "County match"]
[Site "?"]
[Date "1973.01.06"]
[Round "?"]
[White "Stebbings, A."]
[Black "Hughes, P."]
[Result "1-0"]
[WhiteElo "2136"]
[BlackElo "1912"]
[PlyCount "21"]
[EventDate "1973.??.??"]

1. e4 e5 2. Nf3 f5 3. Nxe5 Qf6 4. d4 d6 5. Nc4 fxe4 6. Nc3 Bf5 7. g4 Bg6 8. Bg2
Qf7 9. Qe2 Nf6 10. Nxe4 Be7 11. Nexd6+ 1-0

[Event "County match"]
[Site "?"]
[Date "1973.01.13"]
[Round "?"]
[White "Lean, C."]
[Black "Stebbings, A."]
[Result "0-1"]
[WhiteElo "2032"]
[BlackElo "2136"]
[PlyCount "82"]
[EventDate "1973.??.??"]

1. e4 c5 2. Nf3 e6 3. d4 cxd4 4. Nxd4 a6 5. Nc3 Qc7 6. Be2 Nf6 7. O-O Nc6 8. a3
Be7 9. b4 Nxb4 10. Bb2 Nc6 11. Nf3 O-O 12. Re1 d6 13. Bc4 Na5 14. Ba2 Nc4 15.
Bxc4 Qxc4 16. Qd3 Qc7 17. Nd1 b5 18. Rc1 Bb7 19. c4 bxc4 20. Rxc4 Qd7 21. Bxf6
Bxf6 22. e5 Be7 23. Rd4 Rfd8 24. exd6 Bxd6 25. Ne5 Qc7 26. Ng4 Qa5 27. Nc3 Bxa3
28. Ra1 Rxd4 29. Qxd4 Qb4 30. Qxb4 Bxb4 31. Rb1 Bxc3 32. Rxb7 Bd4 33. Rb4 e5
34. Kf1 a5 35. Ra4 f5 36. Ne3 Bxe3 37. fxe3 Kf7 38. Ke2 Ke6 39. Kd3 Kd5 40. Rc4
a4 41. g4 a3 0-1

[Event "National Club ch."]
[Site "?"]
[Date "1973.01.20"]
[Round "?"]
[White "Stebbings, A."]
[Black "Harding, C."]
[Result "1-0"]
[WhiteElo "2136"]
[BlackElo "2040"]
[PlyCount "69"]
[EventDate "1973.??.??"]

1. e4 e5 2. Nf3 Nc6 3. Bc4 Nf6 4. Ng5 d5 5. exd5 Na5 6. Bb5+ c6 7. dxc6 bxc6 8.
Be2 h6 9. Nf3 e4 10. Ne5 Bd6 11. f4 exf3 12. Nxf3 Ng4 13. O-O Qc7 14. h3 Nf6
15. Nc3 O-O 16. d4 Bg3 17. Be3 Re8 18. Qd2 Nd5 19. Nxd5 cxd5 20. b3 Be6 21.
Rac1 Nc6 22. c4 Qb8 23. c5 Ne7 24. Ne1 Nf5 25. Bf4 Qd8 26. Bg4 Bxf4 27. Qxf4 g5
28. Qf2 Ng7 29. Bxe6 fxe6 30. Qf7+ Kh7 31. Nd3 Rf8 32. Qxf8 Qxf8 33. Rxf8 Rxf8
34. Rf1 Rc8 35. Rf7 1-0

[Event "County match"]
[Site "?"]
[Date "1973.01.27"]
[Round "?"]
[White "Mills, L."]
[Black "Stebbings, A."]
[Result "1-0"]
[WhiteElo "2000"]
[BlackElo "2136"]
[PlyCount "59"]
[EventDate "1973.??.??"]

1. e4 c5 2. d4 cxd4 3. c3 dxc3 4. Nxc3 Nc6 5. Nf3 d6 6. Bc4 e6 7. O-O Nge7 8.
Bg5 a6 9. Qd2 h6 10. Bh4 g5 11. Bg3 Ng6 12. Rfd1 e5 13. Rac1 g4 14. Ne1 h5 15.
f4 gxf3 16. Nxf3 Bh6 17. Qf2 Bxc1 18. Bxf7+ Kf8 19. Bxg6 Kg7 20. Rxc1 Kxg6 21.
Bh4 Qf8 22. Rf1 Bg4 23. Qg3 Qf4 24. Qe1 Qf8 25. Ng5 Qh6 26. Nf7 Qg7 27. Nxh8+
Qxh8 28. Rf6+ Kg7 29. Qe3 Kg8 30. Qg5+ 1-0

[Event "London league"]
[Site "?"]
[Date "1973.02.02"]
[Round "?"]
[White "Century, J."]
[Black "Stebbings, A."]
[Result "1/2-1/2"]
[WhiteElo "2256"]
[BlackElo "2136"]
[PlyCount "72"]
[EventDate "1973.??.??"]

1. e4 c5 2. Nf3 e6 3. d4 cxd4 4. Nxd4 a6 5. f4 Nf6 6. Qf3 Nc6 7. Nb3 Qc7 8. Bd3
d6 9. O-O Be7 10. Be3 O-O 11. Nc3 b5 12. Rae1 Bb7 13. Qh3 Nb4 14. a3 Nxd3 15.
cxd3 Rac8 16. Rc1 Qd8 17. Nd4 Nd7 18. f5 e5 19. Nf3 Nb6 20. Qg3 Kh8 21. Qf2 Na4
22. Nxa4 bxa4 23. Rxc8 Qxc8 24. Rc1 Qd7 25. Qd2 Rc8 26. Rxc8+ Qxc8 27. Qc1
Qxc1+ 28. Bxc1 Kg8 29. Bd2 f6 30. Bb4 Kf7 31. Kf2 d5 32. Bxe7 Kxe7 33. Ke3 dxe4
34. dxe4 Kd6 35. Nd2 Kc5 36. Kd3 Bc6 1/2-1/2

[Event "Essex league"]
[Site "?"]
[Date "1973.02.15"]
[Round "?"]
[White "Robertson, A."]
[Black "Stebbings, A."]
[Result "1-0"]
[WhiteElo "2024"]
[BlackElo "2136"]
[PlyCount "60"]
[EventDate "1973.??.??"]

1. e4 c5 2. Nf3 e6 3. d4 cxd4 4. Nxd4 a6 5. Nc3 Qc7 6. Bd3 Nf6 7. Bg5 Be7 8. f4
h6 9. Bxf6 Bxf6 10. e5 Bh4+ 11. g3 Be7 12. Qg4 g6 13. h4 h5 14. Qf3 d6 15. exd6
Bxd6 16. O-O-O Bd7 17. Ne4 Be7 18. Nf2 Nc6 19. Nxc6 Bxc6 20. Be4 Rc8 21. Rd2
Bc5 22. Rhd1 Bxf2 23. Bxc6+ Qxc6 24. Qxc6+ Rxc6 25. Rd8+ Ke7 26. R1d7+ Kf6 27.
Rxh8 Bxg3 28. Rf8 Kf5 29. Rfxf7+ Kg4 30. Rd4 Kf3 1-0

[Event "County match"]
[Site "?"]
[Date "1973.02.17"]
[Round "?"]
[White "Stebbings, A."]
[Black "Harman, R."]
[Result "0-1"]
[WhiteElo "2136"]
[BlackElo "2184"]
[PlyCount "78"]
[EventDate "1973.??.??"]

1. e4 e6 2. d4 d5 3. Nc3 Bb4 4. e5 Ne7 5. Qg4 Nf5 6. Nf3 c5 7. dxc5 Nc6 8. Bd2
Bxc5 9. Qf4 Nfd4 10. Nxd4 Bxd4 11. Bb5 Bb6 12. Qg3 Kf8 13. O-O-O Nd4 14. Bd3
Bd7 15. h4 h5 16. Bg5 Qc7 17. f4 Ba5 18. Ne2 Qxc2+ 19. Bxc2 Nxe2+ 20. Kb1 Nxg3
21. Rh3 Ne2 22. Re3 Bb5 23. a4 Ba6 24. Bd3 Bxd3+ 25. Rdxd3 Nd4 26. Rxd4 Bb6 27.
Rdd3 Bxe3 28. Rxe3 Rc8 29. Rb3 b6 30. a5 Rc6 31. axb6 axb6 32. Ra3 Kg8 33. Ra7
f6 34. exf6 gxf6 35. Bxf6 Rh7 36. Ra8+ Kf7 37. Ra7+ Kg6 38. Be7 e5 39. fxe5 Re6
0-1

[Event "National Club ch."]
[Site "?"]
[Date "1973.02.18"]
[Round "?"]
[White "James, G."]
[Black "Stebbings, A."]
[Result "0-1"]
[WhiteElo "2232"]
[BlackElo "2136"]
[PlyCount "80"]
[EventDate "1973.??.??"]

1. e4 c5 2. Nf3 e6 3. d4 cxd4 4. Nxd4 a6 5. g3 Nc6 6. Bg2 Nxd4 7. Qxd4 Ne7 8.
Be3 b5 9. O-O Nc6 10. Qd1 d6 11. Nd2 Be7 12. f4 Bd7 13. c3 O-O 14. Nf3 Qc7 15.
e5 dxe5 16. Nxe5 Nxe5 17. fxe5 Rad8 18. Qh5 g6 19. Qf3 Bc5 20. Kh1 Bxe3 21.
Qxe3 Bc6 22. Rad1 Qb7 23. Bxc6 Qxc6+ 24. Kg1 Rd5 25. Rxd5 Qxd5 26. b3 Rd8 27.
Qf4 Rd7 28. c4 bxc4 29. bxc4 Qc5+ 30. Kg2 Qa7 31. Rb1 Rb7 32. Rd1 Rb2+ 33. Kh3
Qf2 34. Qxf2 Rxf2 35. a3 Re2 36. Rd6 a5 37. Rb6 Rxe5 38. Rb5 Re4 39. c5 a4 40.
Ra5 Rc4 0-1

[Event "London league"]
[Site "?"]
[Date "1973.02.21"]
[Round "?"]
[White "O'Kane, P."]
[Black "Stebbings, A."]
[Result "0-1"]
[WhiteElo "2000"]
[BlackElo "2136"]
[PlyCount "46"]
[EventDate "1973.??.??"]

1. e4 c5 2. Nf3 e6 3. d4 cxd4 4. Nxd4 a6 5. Be2 Nc6 6. O-O Qc7 7. Kh1 d6 8. Nc3
Bd7 9. f4 Be7 10. Bf3 Nf6 11. Be3 O-O 12. g4 Nxd4 13. Qxd4 e5 14. Qd1 exf4 15.
Bxf4 Bc6 16. Rf2 Nd7 17. Nd5 Bxd5 18. Qxd5 Ne5 19. Be2 Qb6 20. Raf1 Bh4 21.
Bxe5 Bxf2 22. Bxg7 Qe3 23. Bc4 Qf3# 0-1

[Event "County match"]
[Site "?"]
[Date "1973.03.03"]
[Round "?"]
[White "Cooper, A."]
[Black "Stebbings, A."]
[Result "1/2-1/2"]
[WhiteElo "2160"]
[BlackElo "2136"]
[PlyCount "82"]
[EventDate "1973.??.??"]

1. e4 c5 2. f4 Nf6 3. d3 d5 4. e5 Ng8 5. Nf3 Bg4 6. c3 Nc6 7. Be2 f6 8. Qb3 Qd7
9. O-O e6 10. Nbd2 Nge7 11. h3 Bxf3 12. Nxf3 Nf5 13. Kh2 h5 14. Qd1 O-O-O 15.
d4 cxd4 16. cxd4 Qc7 17. Bb5 Qb6 18. Bxc6 Qxc6 19. Bd2 Kb8 20. Qb3 h4 21. Rfc1
Qa6 22. Rc2 Be7 23. Rac1 Rc8 24. Rc3 Qb6 25. Qxb6 axb6 26. Rxc8+ Rxc8 27. Rxc8+
Kxc8 28. Kg1 Kc7 29. Kf2 Kc6 30. Ke2 Kb5 31. Kd3 Bb4 32. Bc1 Kc6 33. a3 Be7 34.
Bd2 b5 35. Be1 Kc7 36. Bf2 Kd7 37. Kc3 fxe5 38. fxe5 Kc6 39. Kd3 Bd8 40. Be1
Be7 41. Bd2 Kd7 1/2-1/2

[Event "Essex league"]
[Site "?"]
[Date "1973.03.17"]
[Round "?"]
[White "Smith, D."]
[Black "Stebbings, A."]
[Result "0-1"]
[WhiteElo "1984"]
[BlackElo "2136"]
[PlyCount "66"]
[EventDate "1973.??.??"]

1. e4 c5 2. Nf3 e6 3. d4 cxd4 4. Nxd4 a6 5. Bc4 Nc6 6. Be3 Nf6 7. Nc3 Ne5 8.
Bb3 Bb4 9. Nde2 Neg4 10. Qd4 Nxe3 11. Qxe3 d6 12. O-O-O Qc7 13. f4 O-O 14. Qf3
b5 15. g4 Bb7 16. g5 Nd7 17. g6 hxg6 18. h4 Nf6 19. Ng3 Bxc3 20. bxc3 d5 21. h5
dxe4 22. Qe3 Ng4 23. Qe2 Qxf4+ 24. Kb2 g5 25. Rhg1 e3 26. Rdf1 Nf2 27. h6 Bf3
28. Qe1 Rfd8 29. Ne2 Bxe2 30. Qxe2 gxh6 31. Rh1 Kg7 32. Qh5 Qf6 33. Re1 Nxh1
0-1